| 000 | 00547nam a22002057a 4500 | ||
|---|---|---|---|
| 003 | OSt | ||
| 005 | 20180323183043.0 | ||
| 008 | 180323b xxu||||| |||| 00| 0 eng d | ||
| 020 | _a9781292023540 | ||
| 040 | _cDDC | ||
| 082 | _a658.403 SPR 2014 | ||
| 100 |
_aSprangue,McNurlin Bui _912575 |
||
| 245 | _aInformation Systems Management | ||
| 250 | _a8th ed. | ||
| 260 | _aHarlow; Pearson, 2014 | ||
| 300 | _a505p; ill: 28cm | ||
| 504 | _aReferences, glossary, & index included | ||
| 650 |
_aInformation Management _912576 |
||
| 942 |
_2z _cB_BANK |
||
| 999 |
_c6076 _d6076 |
||